Mixed Missing Word Ladder 5 Quiz Stats

Quiz not verified by Sporcle

Challenge
Share
Tweet
Embed
Score 0/11 Timer 02:00
0 Plays Today
Hint Answer % Correct
____ KRTESTAR
91.2%
YBU NEO ETG NOE ____FREE
89.6%
LAMP ____TREE
89%
RATS ____TREK
86.8%
IUTRAG ____FRET
60.4%
____ SHUEOFRAT
44.5%
____ SUETISSCAR
36.3%
TLTLIE ____FEAT
30.2%
TOH ____SEAT
26.4%
RUOF-____ STAFLBLASEAM
22.5%
GNIIRAEN ____SCAM
20.3%

You're not logged in!

Compare scores with friends on all Sporcle quizzes.
Sign Up with Email
OR
Log In

You Might Also Like...

Show Comments

Extras

Top Quizzes Today


Score Distribution

Your Account Isn't Verified!

In order to create a playlist on Sporcle, you need to verify the email address you used during registration. Go to your Sporcle Settings to finish the process.